| 000 | 00573nam a2200121Ia 4500 | ||
|---|---|---|---|
| 008 | 220620s9999||||xx |||||||||||||| ||und|| | ||
| 245 | 2 |
_aA Post-Neoliberal Era in Latin America? _bRevisiting Cultural Paradigms |
|
| 546 | _aEnglish[eng] | ||
| 650 | _aSociology | ||
| 700 | _aGómez Michel, Gerardo||López, Magdalena||Nehring, Daniel | ||
| 856 | _uhttps://library.oapen.org/bitstream/20.500.12657/25177/1/1004913.pdf||https://library.oapen.org/bitstream/20.500.12657/25177/1/1004913.pdf||https://library.oapen.org/bitstream/20.500.12657/25177/1/1004913.pdf | ||
| 942 | _cEB | ||
| 999 |
_c23175 _d23175 |
||